000 00900 a2200181 4500
003 Nust
005 20221226114431.0
040 _cNust
082 _a621.39,BEV
100 _aBevan, Thomas
_941936
245 _aThe theory of machines /
_cThomas Bevan
250 _a3rd ed.
260 _aNew Delhi
_bCBS Pub.
_c2003
300 _a621 p.
505 _aDefinitions Simple Mechanisms (Page-1), Motion Inertia (Page-14), Velocity and Acceleration (Page-68), Mechanism with Lower Pairs (Page-121), Valve Diagrams and Valve Gears (Page-142), Friction (Page-177), Belt Rope and Chain Drives (Page-223), Brakes and Dynamometers (Page-248), Cams (Page-281), Toothed Gearing (Page-315), Gear Trains (Page-366), Dynamics of Machines Turning Moment The Flywheel (Page-412), Governors (Page-454), Balancing (Page-489), Vibrations (Page-532).
650 _aThe theory of machines
_9105903
942 _2ddc
_cBK
999 _c183781
_d183781